Obyvateľstvo a urbánna dimenzia formovania ľudského kapitálu
Saved in:
| Main Author: | |
|---|---|
| Corporate Author: | |
| Other Authors: | , , |
| Format: | Book |
| Language: | Slovak |
| Published: |
Bratislava
Vydavateľstvo EKONÓM
2009
|
| Subjects: | |
| Tags: |
No Tags, Be the first to tag this record!
|
MARC
| LEADER | 00000nam$a2200000$$$4500 | ||
|---|---|---|---|
| 001 | 0107957 | ||
| 005 | 20240613064714.2 | ||
| 020 | |a 978-80-225-2852-8 | ||
| 041 | 0 | |a slo | |
| 044 | |a SK | ||
| 245 | 1 | 0 | |a Obyvateľstvo a urbánna dimenzia formovania ľudského kapitálu |c Viera Vlčková, Alžbeta Ivaničková |
| 264 | 1 | |a Bratislava |b Vydavateľstvo EKONÓM |c 2009 | |
| 300 | |a 164 s. [9,884 AH] | ||
| 610 | 2 | 0 | |a obyvateľstvo |
| 610 | 2 | 0 | |a kapitál ľudský |
| 610 | 2 | 0 | |a urbanizmus |
| 610 | 2 | 0 | |a koncentrácia obyvateľstva |
| 610 | 2 | 0 | |a osídlenie |
| 610 | 2 | 0 | |a rozvoj územný |
| 100 | 1 | |a Vlčková, Viera | |
| 700 | 1 | |a Ivaničková, Alžbeta | |
| 700 | 1 | |a Alexy, Július, 1926-2024 | |
| 700 | 1 | |a Čajka, Peter | |
| 710 | 2 | |a Ekonomická univerzita v Bratislave. Národohospodárska fakulta | |